Elenca la formazione - Quiz n°77 - Statistics

Statistiche generali
  • Questo quiz è stato fatto 63 volte
  • Il punteggio medio è 10 su 11
Statistiche sulle risposte
Ruolo Nazione Calciatore % Corretto
Portiere Spagna David de Gea
100%
Ala Inghilterra Marcus Rashford
100%
Attaccante Uruguay Edinson Cavani
98%
Centrocampista Scozia Scott McTominay
98%
Trequartista Portogallo Bruno Fernandes
94%
Centrocampista Francia Paul Pogba
94%
Difensore Svezia Victor Lindelöf
94%
Difensore Inghilterra Luke Shaw
85%
Difensore Costa d'Avorio Eric Bailly
74%
Difensore Inghilterra Aaron Wan-Bissaka
65%
Ala Inghilterra Mason Greenwood
54%
Nessun quiz corrispondente trovato
Distribuzione punteggi
Percentuale di utenti per punteggio
Percentile per numero di risposta
I tuoi punteggi nel tempo
Non hai fatto questo quiz